书目信息 |
| 题名: |
中轻型货车使用.保养.维修400问
|
|
| 作者: | 杨文明 编 | |
| 分册: | ||
| 出版信息: | 上海 上海交通大学出版社 1998.12 |
|
| 页数: | 377页 | |
| 开本: | 32开 | |
| 丛书名: | ||
| 单 册: | ||
| 中图分类: | U469.210.7 | |
| 科图分类: | ||
| 主题词: | 汽车工程 | |
| 电子资源: | ||
| ISBN: | 7-313-02089-9 | |
| 000 | 00608nam0 2200193 45 | |
| 001 | 0012041774 | |
| 005 | 20001204172828.4 | |
| 010 | @a7-313-02089-9@d18.00元 | |
| 100 | @a20001204d1998 km y0chiy0120 ea | |
| 101 | 0 | @achi |
| 105 | @a z 000yy | |
| 200 | 1 | @a中轻型货车使用.保养.维修400问@AZhong Qing Xing Huo Che Shi Yong.Bao Yang.Wei Xiu 400 Wen@f杨文明等编@FYang Wen Ming Deng Bian |
| 210 | @a上海@c上海交通大学出版社@d1998.12 | |
| 215 | @a377页@d32开 | |
| 606 | 0 | @a汽车工程 |
| 690 | @aU469.210.7@v3 | |
| 701 | 0 | @a杨文明@4编 |
| 801 | @aCN@bPftUser@c20001204 | |
| 905 | @b513467-468@dU469.210.7@eY541@f2 | |
| 中轻型货车使用.保养.维修400问/杨文明等编.-上海:上海交通大学出版社,1998.12 |
| 377页;32开 |
| ISBN 7-313-02089-9:18.00元 |
| ● |
| 相关链接 |
|
|
|
正题名:中轻型货车使用·保养·维修400问
索取号:U469.210.7/Y541
 
预约/预借
| 序号 | 登录号 | 条形码 | 馆藏地/架位号 | 状态 | 备注 |
| 1 | 513467 | 205134674 | 自科库501/501自科库 56排6列1层/ [索取号:U469.210.7/Y541] | 在馆 | |
| 2 | 513468 | 205134683 | 自科库501/501自科库 56排6列1层/ [索取号:U469.210.7/Y541] | 在馆 |